[Event "Iasi op"]
[Site "Iasi"]
[Date "2014.05.10"]
[Round "1"]
[White "Moroianu, Stefan"]
[Black "Scripcaru, George Daniel"]
[Result "0-1"]
[WhiteElo "1452"]
[BlackElo "2059"]
[PlyCount "101"]
[EventDate "2014.05.10"]
[EventType "swiss"]
[EventRounds "9"]
[EventCountry "ROU"]
[SourceTitle "CBM 160 Extra"]
[Source "ChessBase"]
[SourceDate "2014.07.01"]
[SourceVersion "1"]
[SourceVersionDate "2014.07.01"]
[SourceQuality "1"]

1. e4 g6 2. Nf3 Bg7 3. d4 c5 4. c3 cxd4 5. cxd4 d5 6. Bb5+ Bd7 7. Nc3 Bxb5 8. Nxb5 Qa5+ 9. Nc3 dxe4 10. Ng5 Nf6 11. 0-0 0-0 12. Ngxe4 Nxe4 13. Nxe4 Nc6 14. d5 Rad8 15. Nc3 Nb4 16. Qb3 Nxd5 17. Nxd5 Qxd5 18. Qa3 e6 19. Be3 a6 20. Rab1 Qd3 21. b3 Qf5 22. h3 Rd3 23. Rbc1 Rfd8 24. Qe7 R3d7 25. Qb4 h5 26. Bb6 Re8 27. Rc5 Bf8 28. Qa4 Qd3 29. Rc7 Rxc7 30. Qxe8 Qd7 31. Qb8 Rc8 32. Qa7 Bd6 33. g3 Bb8 34. Qa8 Bxg3 35. Qxc8+ Qxc8 36. fxg3 Qc6 37. Bd4 e5 38. Bb2 f6 39. Rf2 Kg7 40. h4 Qe4 41. Kh2 b5 42. Rd2 Qe3 43. Rc2 Qd3 44. Rc7+ Kg8 45. Rc8+ Kf7 46. Rc7+ Ke6 47. Ba3 Kf5 48. Kh3 Qf1+ 49. Kh2 Kg4 50. Rc1 Qf2+ 51. Kh1 0-1